LIBRARY & INFORMATION CENTRE, KCAET, TAVANUR

ONLINE PUBLIC ACCESS CATALOGUE (OPAC)

Concise history of modern Europe 1789-1914 / (Record no. 6218)

MARC details
000 -LEADER
fixed length control field 00370cam a2200145ua 4500
041 ## - LANGUAGE CODE
Language code of text/sound track or separate title eng
082 ## - DEWEY DECIMAL CLASSIFICATION NUMBER
Classification number 940
Item number RAY/CO
100 ## - MAIN ENTRY--AUTHOR NAME
Personal name Rayner, Robert M .
245 ## - TITLE STATEMENT
Title Concise history of modern Europe 1789-1914 /
260 ## - PUBLICATION, DISTRIBUTION, ETC. (IMPRINT)
Place of publication London :
Name of publisher Longman ,
Year of publication 1963.
300 ## - PHYSICAL DESCRIPTION
Number of Pages 425 ; .
942 ## - ADDED ENTRY ELEMENTS (KOHA)
Koha item type Books
Holdings
Withdrawn status Lost status Damaged status Home library Current library Date acquired Cost, normal purchase price Full call number Accession Number Koha item type Public note
Withdrawn     KAUAET Malayalam University 07/04/2012 17.60 940 6600 Books Transferred to Malayalam University
free website counter